Compound Word Links Quiz Stats

Quiz not verified by Sporcle

Challenge
Share
Tweet
Embed
Score 0/18 Timer 04:00
0 Plays Today
Hint Answer % Correct
Larry, Curly, ___Moe
93.9%
A buzzy insectBee
84.8%
To shout at someoneYell
84.8%
Ghost noiseBoo
83.3%
To be in debt to someoneOwe
78.8%
A small charge of money (ex. Finder's, Entry, etc)Fee
77.3%
Screenwriter for Mean Girls, Tina ___Fey
75.8%
To assist or helpAid
74.2%
Fluor___, Chlor___, Brom___ine
74.2%
Hint Answer % Correct
When an artist plays multiple shows in multiple areas over a given amount of timeTour
71.2%
An opening in a fenceGate
66.7%
Firehouse, Lenny's, ___waySub
63.6%
Combine the five previous answersYellow Submarine
63.6%
Gold, Frankincense, ___Myrrh
60.6%
BK coffeeJoe
48.5%
Combine the three previous answersGatorade
48.5%
Combine the two previous answersMojo
47%
Combine the four previous answersPhoebe Buffay
42.4%

You're not logged in!

Compare scores with friends on all Sporcle quizzes.
Join for Free
OR
Log In

You Might Also Like...

Show Comments

Extras

Created Sep 11, 2010ReportNominate
Tags:combine, compound, extra, link

Top Quizzes Today


Score Distribution

Your Account Isn't Verified!

In order to create a playlist on Sporcle, you need to verify the email address you used during registration. Go to your Sporcle Settings to finish the process.

Report this User

Report this user for behavior that violates our Community Guidelines.

Details: